<?xml version="1.0" encoding="UTF-8"?>
<record
    xmlns:xsi="http://www.w3.org/2001/XMLSchema-instance"
    xsi:schemaLocation="http://www.loc.gov/MARC21/slim http://www.loc.gov/standards/marcxml/schema/MARC21slim.xsd"
    xmlns="http://www.loc.gov/MARC21/slim">

  <leader>00383nam a2200169   4500</leader>
  <controlfield tag="003">SEACOMEC</controlfield>
  <controlfield tag="005">20240701113718.0</controlfield>
  <controlfield tag="008">240701b        |||||||| |||| 00| 0 eng d</controlfield>
  <datafield tag="020" ind1=" " ind2=" ">
    <subfield code="c">Rs.300.00</subfield>
  </datafield>
  <datafield tag="040" ind1=" " ind2=" ">
    <subfield code="a">SEACOMEC</subfield>
  </datafield>
  <datafield tag="082" ind1=" " ind2=" ">
    <subfield code="a">546</subfield>
    <subfield code="b">D979</subfield>
  </datafield>
  <datafield tag="100" ind1=" " ind2=" ">
    <subfield code="a"> Dutta, R. L</subfield>
  </datafield>
  <datafield tag="245" ind1="1" ind2=" ">
    <subfield code="a">Inorganic chemistry </subfield>
    <subfield code="c"> R. L. Dutta</subfield>
  </datafield>
  <datafield tag="300" ind1=" " ind2=" ">
    <subfield code="a">Part 1</subfield>
  </datafield>
  <datafield tag="650" ind1=" " ind2=" ">
    <subfield code="a">Chemistry</subfield>
  </datafield>
  <datafield tag="942" ind1=" " ind2=" ">
    <subfield code="c">BOOK</subfield>
  </datafield>
  <datafield tag="952" ind1=" " ind2=" ">
    <subfield code="0">0</subfield>
    <subfield code="1">0</subfield>
    <subfield code="2">ddc</subfield>
    <subfield code="4">0</subfield>
    <subfield code="7">0</subfield>
    <subfield code="a">SEACOMEC</subfield>
    <subfield code="b">SEACOMEC</subfield>
    <subfield code="d">2008-03-14</subfield>
    <subfield code="l">0</subfield>
    <subfield code="o">546 D979</subfield>
    <subfield code="p">10170</subfield>
    <subfield code="r">2024-07-01 11:37:54</subfield>
    <subfield code="w">2024-07-01</subfield>
    <subfield code="y">BOOK</subfield>
  </datafield>
  <datafield tag="952" ind1=" " ind2=" ">
    <subfield code="0">0</subfield>
    <subfield code="1">0</subfield>
    <subfield code="2">ddc</subfield>
    <subfield code="4">0</subfield>
    <subfield code="7">0</subfield>
    <subfield code="a">SEACOMEC</subfield>
    <subfield code="b">SEACOMEC</subfield>
    <subfield code="d">2008-03-14</subfield>
    <subfield code="l">0</subfield>
    <subfield code="o">546 D979</subfield>
    <subfield code="p">10171</subfield>
    <subfield code="r">2024-07-01 11:38:31</subfield>
    <subfield code="t">1</subfield>
    <subfield code="w">2024-07-01</subfield>
    <subfield code="y">BOOK</subfield>
  </datafield>
  <datafield tag="952" ind1=" " ind2=" ">
    <subfield code="0">0</subfield>
    <subfield code="1">0</subfield>
    <subfield code="2">ddc</subfield>
    <subfield code="4">0</subfield>
    <subfield code="7">0</subfield>
    <subfield code="a">SEACOMEC</subfield>
    <subfield code="b">SEACOMEC</subfield>
    <subfield code="d">2008-03-14</subfield>
    <subfield code="l">0</subfield>
    <subfield code="o">546 D979</subfield>
    <subfield code="p">10172</subfield>
    <subfield code="r">2024-07-01 11:38:31</subfield>
    <subfield code="t">2</subfield>
    <subfield code="w">2024-07-01</subfield>
    <subfield code="y">BOOK</subfield>
  </datafield>
  <datafield tag="952" ind1=" " ind2=" ">
    <subfield code="0">0</subfield>
    <subfield code="1">0</subfield>
    <subfield code="2">ddc</subfield>
    <subfield code="4">0</subfield>
    <subfield code="7">0</subfield>
    <subfield code="a">SEACOMEC</subfield>
    <subfield code="b">SEACOMEC</subfield>
    <subfield code="d">2008-03-14</subfield>
    <subfield code="l">0</subfield>
    <subfield code="o">546 D979</subfield>
    <subfield code="p">10173</subfield>
    <subfield code="r">2024-07-01 11:38:31</subfield>
    <subfield code="t">3</subfield>
    <subfield code="w">2024-07-01</subfield>
    <subfield code="y">BOOK</subfield>
  </datafield>
  <datafield tag="952" ind1=" " ind2=" ">
    <subfield code="0">0</subfield>
    <subfield code="1">0</subfield>
    <subfield code="2">ddc</subfield>
    <subfield code="4">0</subfield>
    <subfield code="7">0</subfield>
    <subfield code="a">SEACOMEC</subfield>
    <subfield code="b">SEACOMEC</subfield>
    <subfield code="d">2008-03-14</subfield>
    <subfield code="l">0</subfield>
    <subfield code="o">546 D979</subfield>
    <subfield code="p">10174</subfield>
    <subfield code="r">2024-07-01 11:38:31</subfield>
    <subfield code="t">4</subfield>
    <subfield code="w">2024-07-01</subfield>
    <subfield code="y">BOOK</subfield>
  </datafield>
  <datafield tag="952" ind1=" " ind2=" ">
    <subfield code="0">0</subfield>
    <subfield code="1">0</subfield>
    <subfield code="2">ddc</subfield>
    <subfield code="4">0</subfield>
    <subfield code="7">0</subfield>
    <subfield code="a">SEACOMEC</subfield>
    <subfield code="b">SEACOMEC</subfield>
    <subfield code="d">2008-03-14</subfield>
    <subfield code="l">0</subfield>
    <subfield code="o">546 D979</subfield>
    <subfield code="p">10175</subfield>
    <subfield code="r">2024-07-01 11:38:31</subfield>
    <subfield code="t">5</subfield>
    <subfield code="w">2024-07-01</subfield>
    <subfield code="y">BOOK</subfield>
  </datafield>
  <datafield tag="952" ind1=" " ind2=" ">
    <subfield code="0">0</subfield>
    <subfield code="1">0</subfield>
    <subfield code="2">ddc</subfield>
    <subfield code="4">0</subfield>
    <subfield code="7">0</subfield>
    <subfield code="a">SEACOMEC</subfield>
    <subfield code="b">SEACOMEC</subfield>
    <subfield code="d">2008-03-14</subfield>
    <subfield code="l">0</subfield>
    <subfield code="o">546 D979</subfield>
    <subfield code="p">10176</subfield>
    <subfield code="r">2024-07-01 11:38:31</subfield>
    <subfield code="t">6</subfield>
    <subfield code="w">2024-07-01</subfield>
    <subfield code="y">BOOK</subfield>
  </datafield>
  <datafield tag="952" ind1=" " ind2=" ">
    <subfield code="0">0</subfield>
    <subfield code="1">0</subfield>
    <subfield code="2">ddc</subfield>
    <subfield code="4">0</subfield>
    <subfield code="7">0</subfield>
    <subfield code="a">SEACOMEC</subfield>
    <subfield code="b">SEACOMEC</subfield>
    <subfield code="d">2008-03-14</subfield>
    <subfield code="l">0</subfield>
    <subfield code="o">546 D979</subfield>
    <subfield code="p">10177</subfield>
    <subfield code="r">2024-07-01 11:38:31</subfield>
    <subfield code="t">7</subfield>
    <subfield code="w">2024-07-01</subfield>
    <subfield code="y">BOOK</subfield>
  </datafield>
  <datafield tag="952" ind1=" " ind2=" ">
    <subfield code="0">0</subfield>
    <subfield code="1">0</subfield>
    <subfield code="2">ddc</subfield>
    <subfield code="4">0</subfield>
    <subfield code="7">0</subfield>
    <subfield code="a">SEACOMEC</subfield>
    <subfield code="b">SEACOMEC</subfield>
    <subfield code="d">2008-03-14</subfield>
    <subfield code="l">0</subfield>
    <subfield code="o">546 D979</subfield>
    <subfield code="p">10178</subfield>
    <subfield code="r">2024-07-01 11:38:31</subfield>
    <subfield code="t">8</subfield>
    <subfield code="w">2024-07-01</subfield>
    <subfield code="y">BOOK</subfield>
  </datafield>
  <datafield tag="952" ind1=" " ind2=" ">
    <subfield code="0">0</subfield>
    <subfield code="1">0</subfield>
    <subfield code="2">ddc</subfield>
    <subfield code="4">0</subfield>
    <subfield code="7">0</subfield>
    <subfield code="a">SEACOMEC</subfield>
    <subfield code="b">SEACOMEC</subfield>
    <subfield code="d">2008-03-14</subfield>
    <subfield code="l">0</subfield>
    <subfield code="o">546 D979</subfield>
    <subfield code="p">10179</subfield>
    <subfield code="r">2024-07-01 11:38:31</subfield>
    <subfield code="t">9</subfield>
    <subfield code="w">2024-07-01</subfield>
    <subfield code="y">BOOK</subfield>
  </datafield>
  <datafield tag="952" ind1=" " ind2=" ">
    <subfield code="0">0</subfield>
    <subfield code="1">0</subfield>
    <subfield code="2">ddc</subfield>
    <subfield code="4">0</subfield>
    <subfield code="7">0</subfield>
    <subfield code="a">SEACOMEC</subfield>
    <subfield code="b">SEACOMEC</subfield>
    <subfield code="d">2008-03-14</subfield>
    <subfield code="l">0</subfield>
    <subfield code="o">546 D979</subfield>
    <subfield code="p">10180</subfield>
    <subfield code="r">2024-07-01 11:38:31</subfield>
    <subfield code="t">10</subfield>
    <subfield code="w">2024-07-01</subfield>
    <subfield code="y">BOOK</subfield>
  </datafield>
  <datafield tag="952" ind1=" " ind2=" ">
    <subfield code="0">0</subfield>
    <subfield code="1">0</subfield>
    <subfield code="2">ddc</subfield>
    <subfield code="4">0</subfield>
    <subfield code="7">0</subfield>
    <subfield code="a">SEACOMEC</subfield>
    <subfield code="b">SEACOMEC</subfield>
    <subfield code="d">2008-03-14</subfield>
    <subfield code="l">0</subfield>
    <subfield code="o">546 D979</subfield>
    <subfield code="p">10181</subfield>
    <subfield code="r">2024-07-01 11:38:31</subfield>
    <subfield code="t">11</subfield>
    <subfield code="w">2024-07-01</subfield>
    <subfield code="y">BOOK</subfield>
  </datafield>
  <datafield tag="952" ind1=" " ind2=" ">
    <subfield code="0">0</subfield>
    <subfield code="1">0</subfield>
    <subfield code="2">ddc</subfield>
    <subfield code="4">0</subfield>
    <subfield code="7">0</subfield>
    <subfield code="a">SEACOMEC</subfield>
    <subfield code="b">SEACOMEC</subfield>
    <subfield code="d">2008-03-14</subfield>
    <subfield code="l">0</subfield>
    <subfield code="o">546 D979</subfield>
    <subfield code="p">10182</subfield>
    <subfield code="r">2024-07-01 11:38:31</subfield>
    <subfield code="t">12</subfield>
    <subfield code="w">2024-07-01</subfield>
    <subfield code="y">BOOK</subfield>
  </datafield>
  <datafield tag="952" ind1=" " ind2=" ">
    <subfield code="0">0</subfield>
    <subfield code="1">0</subfield>
    <subfield code="2">ddc</subfield>
    <subfield code="4">0</subfield>
    <subfield code="7">0</subfield>
    <subfield code="a">SEACOMEC</subfield>
    <subfield code="b">SEACOMEC</subfield>
    <subfield code="d">2008-03-14</subfield>
    <subfield code="l">0</subfield>
    <subfield code="o">546 D979</subfield>
    <subfield code="p">10183</subfield>
    <subfield code="r">2024-07-01 11:38:31</subfield>
    <subfield code="t">13</subfield>
    <subfield code="w">2024-07-01</subfield>
    <subfield code="y">BOOK</subfield>
  </datafield>
  <datafield tag="952" ind1=" " ind2=" ">
    <subfield code="0">0</subfield>
    <subfield code="1">0</subfield>
    <subfield code="2">ddc</subfield>
    <subfield code="4">0</subfield>
    <subfield code="7">0</subfield>
    <subfield code="a">SEACOMEC</subfield>
    <subfield code="b">SEACOMEC</subfield>
    <subfield code="d">2008-03-14</subfield>
    <subfield code="l">0</subfield>
    <subfield code="o">546 D979</subfield>
    <subfield code="p">10184</subfield>
    <subfield code="r">2024-07-01 11:38:31</subfield>
    <subfield code="t">14</subfield>
    <subfield code="w">2024-07-01</subfield>
    <subfield code="y">BOOK</subfield>
  </datafield>
  <datafield tag="952" ind1=" " ind2=" ">
    <subfield code="0">0</subfield>
    <subfield code="1">0</subfield>
    <subfield code="2">ddc</subfield>
    <subfield code="4">0</subfield>
    <subfield code="7">0</subfield>
    <subfield code="a">SEACOMEC</subfield>
    <subfield code="b">SEACOMEC</subfield>
    <subfield code="d">2008-03-14</subfield>
    <subfield code="l">0</subfield>
    <subfield code="o">546 D979</subfield>
    <subfield code="p">10185</subfield>
    <subfield code="r">2024-07-01 11:38:31</subfield>
    <subfield code="t">15</subfield>
    <subfield code="w">2024-07-01</subfield>
    <subfield code="y">BOOK</subfield>
  </datafield>
  <datafield tag="952" ind1=" " ind2=" ">
    <subfield code="0">0</subfield>
    <subfield code="1">0</subfield>
    <subfield code="2">ddc</subfield>
    <subfield code="4">0</subfield>
    <subfield code="7">0</subfield>
    <subfield code="a">SEACOMEC</subfield>
    <subfield code="b">SEACOMEC</subfield>
    <subfield code="d">2008-03-14</subfield>
    <subfield code="l">0</subfield>
    <subfield code="o">546 D979</subfield>
    <subfield code="p">10186</subfield>
    <subfield code="r">2024-07-01 11:38:31</subfield>
    <subfield code="t">16</subfield>
    <subfield code="w">2024-07-01</subfield>
    <subfield code="y">BOOK</subfield>
  </datafield>
  <datafield tag="952" ind1=" " ind2=" ">
    <subfield code="0">0</subfield>
    <subfield code="1">0</subfield>
    <subfield code="2">ddc</subfield>
    <subfield code="4">0</subfield>
    <subfield code="7">0</subfield>
    <subfield code="a">SEACOMEC</subfield>
    <subfield code="b">SEACOMEC</subfield>
    <subfield code="d">2008-03-14</subfield>
    <subfield code="l">0</subfield>
    <subfield code="o">546 D979</subfield>
    <subfield code="p">10187</subfield>
    <subfield code="r">2024-07-01 11:38:31</subfield>
    <subfield code="t">17</subfield>
    <subfield code="w">2024-07-01</subfield>
    <subfield code="y">BOOK</subfield>
  </datafield>
  <datafield tag="952" ind1=" " ind2=" ">
    <subfield code="0">0</subfield>
    <subfield code="1">0</subfield>
    <subfield code="2">ddc</subfield>
    <subfield code="4">0</subfield>
    <subfield code="7">0</subfield>
    <subfield code="a">SEACOMEC</subfield>
    <subfield code="b">SEACOMEC</subfield>
    <subfield code="d">2008-03-14</subfield>
    <subfield code="l">0</subfield>
    <subfield code="o">546 D979</subfield>
    <subfield code="p">10188</subfield>
    <subfield code="r">2024-07-01 11:38:31</subfield>
    <subfield code="t">18</subfield>
    <subfield code="w">2024-07-01</subfield>
    <subfield code="y">BOOK</subfield>
  </datafield>
  <datafield tag="952" ind1=" " ind2=" ">
    <subfield code="0">0</subfield>
    <subfield code="1">0</subfield>
    <subfield code="2">ddc</subfield>
    <subfield code="4">0</subfield>
    <subfield code="7">0</subfield>
    <subfield code="a">SEACOMEC</subfield>
    <subfield code="b">SEACOMEC</subfield>
    <subfield code="d">2008-03-14</subfield>
    <subfield code="l">0</subfield>
    <subfield code="o">546 D979</subfield>
    <subfield code="p">10189</subfield>
    <subfield code="r">2024-07-01 11:38:31</subfield>
    <subfield code="t">19</subfield>
    <subfield code="w">2024-07-01</subfield>
    <subfield code="y">BOOK</subfield>
  </datafield>
  <datafield tag="999" ind1=" " ind2=" ">
    <subfield code="c">1382</subfield>
    <subfield code="d">1382</subfield>
  </datafield>
</record>
